| 000 | 01070cam a22003015a 4500 | ||
|---|---|---|---|
| 001 | 17036682 | ||
| 005 | 20150621114044.0 | ||
| 008 | 111107t2012 nyua frb 001 0 eng d | ||
| 020 | _a9780071776165 (alk. paper) | ||
| 020 | _a0071776168 (alk. paper) | ||
| 040 |
_aDLC _beng _cDLC _dYDX _dBTCTA _dUKMGB _dYDXCP _dVP@ _dQBX _dCDX _dBWX _dDLC _dEG-ScBUE |
||
| 082 | 0 | 4 |
_a005.8 _bSUL _222 |
| 100 | 1 |
_aSullivan, Bryan, _d1974- _938178 |
|
| 245 | 1 | 0 |
_aWeb application security : _ba beginner's guide / _cBryan Sullivan, Vincent Liu. |
| 260 |
_aNew York : _bMcGraw-Hill, _cc.2012. |
||
| 300 |
_axvii, 331 p. : _bill. ; _c24 cm. |
||
| 500 | _aIndex : p. 321-331. | ||
| 500 | _aFrom the publisher of Hacking Exposed. | ||
| 504 | _aIncludes bibliographical references. | ||
| 650 | 0 |
_aComputer networks _xSecurity measures. _2BUEsh |
|
| 650 | 0 |
_aWorld Wide Web _xSecurity measures. _2BUEsh |
|
| 650 | 0 |
_aApplication software. _2BUEsh |
|
| 651 | _2BUEsh | ||
| 653 |
_bCOMAME _bCOMSCI _cJune2015 |
||
| 655 |
_vreading book _934232 |
||
| 700 | 1 | _aLiu, Vincent. | |
| 942 |
_2ddc _k005.8 SUL |
||
| 999 |
_c19652 _d19624 |
||